| 000 | 00532nam a2200169 i 4500 | ||
|---|---|---|---|
| 001 | 38637 | ||
| 003 | ES-MaACL | ||
| 005 | 20230906155807.0 | ||
| 007 | t| | ||
| 008 | 030226s1961 sp ||||1| spa d | ||
| 100 | 1 |
_aBurton, Malcolm S. _932786 |
|
| 245 | 1 | 0 |
_aMetalurgia aplicada / _cMalcolm S. Burton ; versión española por Francisco Muñoz del Corral. |
| 260 |
_aMadrid : _bAguilar, _c1961. |
||
| 300 |
_aXX, 447 p. : _bil. ; _c22 cm. |
||
| 700 | 1 |
_aMuñoz del Corral, Francisco. _984396 |
|
| 852 |
_aES-MaACL _jC-20437 _bR.48793 |
||
| 999 |
_c38637 _d38637 |
||